Aprendizaje y contexto : (Record no. 168341)

MARC details
000 -CABECERA
campo de control de longitud fija 00569nam a2200193 u 4500
005 - FECHA Y HORA DE LA ÚLTIMA TRANSACCIÓN
campo de control 20230518063840.0
008 - ELEMENTOS DE LONGITUD FIJA--INFORMACIÓN GENERAL
campo de control de longitud fija 140310s2010 r 000 0 eng d
020 ## - NÚMERO INTERNACIONAL NORMALIZADO PARA LIBROS
Número Internacional Estándar del Libro 9789875001435
035 ## - NÚMERO DE CONTROL DEL SISTEMA
Número de control de sistema UPN01000196240
049 ## - COLECCIÓN
Colección CG
050 #4 - SIGNATURA TOPOGRÁFICA DE LA BIBLIOTECA DEL CONGRESO
Número de clasificación LB1051
Número de documento/Ítem A6.7
245 00 - MENCIÓN DE TÍTULO
Título Aprendizaje y contexto :
Resto del título contribuciones para un debate /
Mención de responsabilidad, etc. comp. Nora Emilce Elichiry.
260 ## - PUBLICACIÓN, DISTRIBUCIÓN, ETC.
Lugar de publicación, distribución, etc. Buenos Aires :
Nombre del editor, distribuidor, etc. Manantial,
Fecha de publicación, distribución, etc. 2010.
300 ## - DESCRIPCIÓN FÍSICA
Extensión 108 p.
650 #4 - ASIENTO SECUNDARIO DE MATERIA - TERMINO TEMATICO
Término de materia o nombre geográfico como elemento de entrada Psicología educativa
9 (RLIN) 5197
700 1# - ASIENTO SECUNDARIO--NOMBRE DE PERSONAL
Nombre de persona Emilce Elichiry, Nora,
Término indicativo de función/relación comp.
9 (RLIN) 37693
905 ## - TIPO DE MATERIAL
Tipo de material Libro
Holdings
Estado de retiro Estado de pérdida Fuente del sistema de clasificación o colocación Estado dañado No para préstamo Código de colección Localización permanente Ubicación/localización actual Ubicación en estantería Total de préstamos Clasificación Código de barras Fecha visto por última vez Número de copia Tipo de ítem Koha Fecha de adquisición Fecha del último préstamo
    Library of Congress Classification     Colección General Bib. Gregorio Torres Quintero Bib. Gregorio Torres Quintero Planta baja   LB1051 A6.7 295151 31/12/2020 1 Libro    
    Library of Congress Classification     Colección General Bib. Gregorio Torres Quintero Bib. Gregorio Torres Quintero Planta baja   LB1051 A6.7 304838 31/12/2020 1 Libro    
    Library of Congress Classification     Colección General Bib. Gregorio Torres Quintero Bib. Gregorio Torres Quintero Planta baja 3 LB1051 A6.7 304837 13/12/2024 1 Libro 03/11/2022 26/11/2024